000 00429nam a2200181Ia 4500
005 20240823050146.0
008 240823s9999||||xx |||||||||||||| ||und||
041 _aENGLISH
082 _A658.1 L1
100 _aShaugh nessy.J.O
245 0 _aBusiness Organization
250 _a1st
260 _c1971
_b"George Allen,London"
500 _aYES
650 _aManagement
_bManagement Studies
942 _cBK
999 _c216610
_d216610